000 005090000a22001930004500
020 _a958-04-0199-3
041 0 _aSPA
082 0 4 _aG 658.5 I796q
100 1 _aIshikawa, Kaoru
245 1 0 _a¿Qué es el control total de calidad? La modalidad japonesa / Kaoru Ishikawa
260 _aColombia : Norma
300 _a209 Pag
650 1 4 _aADMINISTRACION
001 12955
942 _cBK
999 _c41972
_d41972
336 _atexto
_btxt
_2rdacontent
337 _2rdamedia
_asin mediación
_bn
338 _2rdacarrier
_avolumen
_bnc